guess the laufey song no hints #3 - Statistics

General Stats
  • This quiz has been taken 129 times
    49 since last reset
  • The average score is 92 of 152
Answer Stats
Answer % Correct
a
100%
I
100%
the
86%
you
86%
You
86%
to
83%
me
79%
this
76%
when
76%
When
76%
and
72%
And
72%
I'm
72%
so
72%
It
69%
it
69%
my
69%
on
69%
your
69%
then
66%
for
62%
like
62%
no
62%
Too
62%
who
62%
goddess
59%
want
59%
Were
59%
we're
59%
am
55%
at
55%
by
55%
can't
55%
fool
55%
know
55%
not
55%
of
55%
Oh
55%
took
55%
alone
52%
But
52%
have
52%
loved
52%
stage
52%
star
52%
you're
52%
always
48%
as
48%
much
48%
that
48%
think
48%
up
48%
wanted
48%
game
45%
goes
45%
must
45%
off
45%
play
45%
stole
45%
wore
45%
youth
45%
bed
41%
bone
41%
felt
41%
fucking
41%
glamour
41%
home
41%
Human
41%
Kissed
41%
now
41%
predicted
41%
skin
41%
still
41%
tell
41%
with
41%
Could've
38%
deceived
38%
growing
38%
Guess
38%
instead
38%
made
38%
naive
38%
old
38%
ran
38%
Reduced
38%
surprised
38%
thirty
38%
Woke
38%
damn
34%
even
34%
thought
34%
version
34%
watched
34%
Aphrodite
31%
killed
31%
off-stage
31%
rise
31%
light
24%
No matching quizzes found
Score Distribution
Percent of People with Each Score
Percentile by Number Answered
Your Score History
You have not taken this quiz since the last reset